{"text_format":"2","workbook":"xlsx","n_sheets":5,"sheets":["Dessasoreamento","SES_Serviços","CPU","Plan1","Cronograma"],"not_rendered":{"charts":0,"images":2,"macros":0,"external_links":0,"defined_names":18,"comments":1,"pivot_tables":0},"unopened":[],"bounds":{"document_bytes":16777216,"sheet_cells":100000,"run_cost":"one","rows_first":2000,"rows_last":500,"rows_between":2000,"halvings":0,"cell_chars":16384,"cell_head_chars":4096},"cells_cut":0,"cells_raw":0,"read":"whole","date_system":"1900"}

{"sheet":"Dessasoreamento","index":0,"n_rows":41,"n_cols":19,"rows_kept":41,"cut":false,"hidden":false,"merged":[[34,1,34,6],[28,1,28,6],[5,1,5,6],[7,3,8,3],[27,1,27,5],[6,1,6,6],[7,1,8,1],[7,2,8,2],[25,2,25,6],[7,4,8,4],[7,5,7,6],[9,2,9,6],[15,2,15,6]]}
[]
[null,null,"                                                 Ministério do Desenvolvimento Regional - MDR"]
[null,null,"                                                 Companhia de Desenvolvimento dos Vales do São Francisco e do Parnaíba"]
[null,null,"                                                 1ª Superintendência Regional – Montes Claros - MG"]
[]
[null,"DESASSOREAMENTO DO CANAL DE CHAMADA DO RIO SÃO FRANCISCO ATÉ A ESTAÇÃO DE BOMBEAMENTO PRINCIPAL DO PERÍMETRO DE IRRIGAÇÃO JAÍBA, LOCALIZADO NO MUNICÍPIO DE JAÍBA, ESTADO DE MINAS GERAIS."]
[]
[null,"Item","Discriminação","Un.","Quant.","Valor (R$)",null,null,"BDI",null,"Percentual"]
[{"$nulls":5},"Unit. ","Total",null,{"$f":"SES_Serviços!D33","v":25.47}]
[null,"01","INSTALAÇÕES PRELIMINARES "]
[null,"01.01","Mobilização","Un.",1,{"$f":"ROUND(I11*(1+$I$9/100),2)","v":55364.7},{"$f":"ROUND(E11*F11,2)","v":55364.7},null,{"$f":"CPU!I28","v":44125.843999999997},null,{"$f":"G11/$G$28","v":1.8544450844051742E-2}]
[null,"01.02","Desmobilização","Un.",1,{"$f":"ROUND(I12*(1+$I$9/100),2)","v":55364.7},{"$f":"ROUND(E12*F12,2)","v":55364.7},null,{"$f":"CPU!I28","v":44125.843999999997},null,{"$f":"G12/$G$28","v":1.8544450844051742E-2}]
[null,"01.03","Placa de identificação de obra - Fornecimento e instalação- Código SINAPI: 74209","m²",4.5,{"$f":"ROUND(I13*(1+$I$9/100),2)","v":385},{"$f":"ROUND(E13*F13,2)","v":1732.5},null,306.85000000000002,null,{"$f":"G13/$G$28","v":5.8030226999007748E-4}]
[null,"01.04","Administração local","Un.",1,{"$f":"ROUND(I14*(1+$I$9/100),2)","v":60725.37},{"$f":"ROUND(E14*F14,2)","v":60725.37},null,{"$f":"CPU!X56","v":48398.32}]
[null,"01.05","Veículo leve tipo hatch 1.4 Flex (85 cv) ou superior","mês",8,{"$f":"ROUND(I15*(1+$I$9/100),2)","v":2612.2399999999998},{"$f":"ROUND(E15*F15,2)","v":20897.919999999998},null,2081.96,null,{"$f":"G15/$G$28","v":6.999775130776935E-3}]
[null,"02","LIMPEZA E DESASSOREAMENTO",{"$nulls":7},0]
[null,"02.01","ESCAVAÇÃO CARGA E TRANSPORTE DE MAT. 1ª CAT. DMT 50 A 200M  SICRO 5502109","m³",54211.53,{"$f":"ROUND(I17*(1+$I$9/100),2)","v":4.34},{"$f":"ROUND(E17*F17,2)","v":235278.04},null,3.46,null,7.8806568941308094E-2]
[null,"02.02","COMPACTAÇÃO DE ATERROS A 100% PROCTOR NORMAL - SICRO 5502978","m³",43369.22,3.68,{"$f":"ROUND(E18*F18,2)","v":159598.73000000001},null,2.93,null,5.3457723120654249E-2]
[null,"02.03","DRAGAGEM com draga de sucção e recalque-bomba de 1350kw e cortador de 170kw sicro 1917623","m³",88314.44,19.86,1753924.78,null,15.83,null,0.58747851730207634]
[null,"02.04","Fornecimento e assentamento de TUBO CORRUGADO PEAD, PAREDE DUPLA, INTERNA LISA, JEI, DN/DI 600 MM. Para sifao de decantação do bota fora - SINAPI 41782 e 90747","m",50,560.66,28033,null,{"$f":"CPU!I111","v":446.84600000000006},null,9.3896759218654226E-3,{"$nulls":7},{"$f":"46800/4","v":11700}]
[null,"02.05","Dreno longitudinal profundo SICRO 2003843","m",300,234.74,70422,null,187.09,null,2.3587905603025247E-2,{"$nulls":7},{"$f":"S20*5","v":58500}]
[null,"02.06","Limpeza e preparo de bota fora SICRO 5502985","m²",90000,0.49,44100,null,0.39]
[null,"02.07","Manutenção de caminho de serviço CPU","Un.",1,20918.310000000001,20918.310000000001,null,{"$f":"CPU!I85","v":16671.96},null,{"$f":"G23/$G$28","v":7.0066047776947415E-3}]
[null,"02.08","Derrocagem subaquáticaca de mat. 3ª cat. Carga limpeza- plat. Com clamshell- flutuante e batelão rebocado de 100t montado na obra- DMT de 1200 a 1400m SICRO 1716611","m³",4000,105.08,420320,null,83.75,null,{"$f":"G24/$G$28","v":0.14078652243707324}]
[null,"02.09","ESCAVAÇÃO CARGA E TRANSPORTE DE MAT. 1ª CAT. DMT 1000 A 1200M  SICRO 5502114","m³",6000,{"$f":"ROUND(I25*(1+$I$9/100),2)","v":6.19},{"$f":"ROUND(E25*F25,2)","v":37140},null,4.93]
[null,"03","SERVIÇOS DE BATIMETRIA"]
[null,"03.01","Levantamento batimétrico","dias",10,{"$f":"ROUND(I27*(1+$I$9/100),2)","v":2169.3000000000002},{"$f":"ROUND(E27*F27,2)","v":21693},null,{"$f":"CPU!I143","v":1728.9428926000001},null,{"$f":"G27/$G$28","v":7.266087816966668E-3}]
[null,"TOTAL DE SERVIÇOS c/BDI (25,47) - Sem Desoneração",{"$nulls":4},{"$f":"SUM(G11:G27)","v":2985513.0500000003},null,null,null,{"$f":"G28/$G$28","v":1}]
[null,"PREÇOS BÁSICOS SICRO MÊS 01/2019",{"$nulls":7},{"$f":"100*83.25","v":8325},{"$f":"J29*1.2468","v":10379.609999999999}]
[{"$nulls":6},"Custo m³","R$"]
[]
[{"$nulls":6},"Paraopeba/2014",30]
[]
[{"$nulls":6},"Calculado",{"$f":"G28/E19","v":33.805491491538646}]
[null,"PREÇOS BÁSICOS SINAPI MÊS 08/2019"]
[]
[]
[]
[]
[{"$nulls":4},{"$f":"46800/4*6","v":70200},{"$f":"64914.44-46800","v":18114.440000000002}]
[{"$nulls":4},{"$f":"E40+F40","v":88314.44}]

{"sheet":"SES_Serviços","index":1,"n_rows":37,"n_cols":14,"rows_kept":37,"cut":false,"hidden":false,"merged":[[36,0,36,4],[34,1,34,4],[33,1,33,2],[1,1,1,4],[4,1,5,1],[4,2,5,2],[32,1,32,2]]}
[]
[null,"DETALHAMENTO DO BDI - SERVIÇOS - SEM DESONERAÇÃO"]
[{"$nulls":6}," "]
[]
[null,"Item","Descrição dos Serviços","%","%"]
[null,null,null,"PV","CD"]
[]
[null,1,"ADMINISTRAÇÃO CENTRAL"," ",6.18]
[null,"1.1","ESCRITÓRIO CENTRAL"," "," "]
[null,"1.2","VIAGENS"," "," "]
[null,"1.3","OUTROS"," "," "]
[null," "," "," "," "]
[null,2,"IMPOSTOS E TAXAS",{"$f":"SUM(D14:D17)","v":8.65},{"$f":"SUM(E14:E17)","v":10.82}]
[null,"2.1","ISS",5,{"$f":"ROUND(D14*1.2515,2)","v":6.26}]
[null,"2.2","PIS",0.65,{"$f":"ROUND(D15*1.2515,2)","v":0.81}]
[null,"2.3","Cofins",3,{"$f":"ROUND(D16*1.2515,2)","v":3.75}]
[null,"2.4"]
[]
[null,3,"TAXA DE RISCO"," ",0.9]
[null,"3.1","SEGURO",null,0.3]
[null,"3.2","RISCO",null,0.3]
[null,"3.3","GARANTIA",null,0.3]
[{"$nulls":6},{"$f":"25.86-25.47","v":0.39000000000000057}]
[null,4,"DESPESAS FINANCEIRAS"," ",0.98]
[]
[null,5,"LUCRO",null,6,{"$nulls":8},{"$f":"0.51-0.39","v":0.12}]
[]
[null," ","BDI - CALCULADO"," ",{"$f":"ROUND((((1+(E8+E19)/100)*(1+E24/100)*(1+E26/100)/(1-D13/100)-1)*100),2)","v":25.47}]
[]
[{"$nulls":6}," "]
[null,"BDI = ((1+((AC+S+R+G)/100))x(1+DF/100)x(1+L/100)/(1-I/100)-1)*100"]
[]
[null,"BDI (CALCULADO):",null,{"$f":"ROUND((((1+((E8+E19)/100))*(1+E24/100)*(1+E26/100))/(1-D13/100)-1)*100,2)","v":25.47}]
[null," "]
[null,"Para o preenchimento da proposta deve-se utilizar o valor de ISS da Prefeitura Local."]
[]
["BDI EM CONFORMIDADE COM OS ACÓRDÃOS Nº 2369/2011 e ACÓRDÃO Nº 2.622/2013 - TCU - PLENÁRIO"]

{"sheet":"CPU","index":2,"n_rows":143,"n_cols":32,"rows_kept":143,"cut":false,"hidden":false,"merged":[[141,1,141,7],[142,1,142,7],[124,1,124,8],[127,1,127,7],[128,1,128,8],[138,1,138,7],[139,3,139,7],[140,1,140,7],[123,1,123,7],[109,1,109,7],[110,1,110,7],[98,1,98,8],[101,1,101,7],[102,1,102,8],[106,1,106,7],[107,3,107,7],[108,1,108,7],[111,2,111,8],[113,1,113,6],[114,1,114,8],[119,1,119,7],[120,1,120,8],[97,1,97,7],[81,3,81,7],[76,1,76,8],[72,1,72,8],[84,1,84,7],[80,1,80,7],[85,2,85,8],[87,1,87,6],[88,1,88,8],[93,1,93,7],[94,1,94,8],[57,2,57,8],[51,1,51,7],[52,3,52,7],[53,1,53,7],[36,1,36,8],[43,1,43,8],[46,1,46,7],[26,1,26,7],[24,3,24,7],[25,1,25,7],[10,1,10,8],[14,1,14,7],[15,1,15,8],[18,1,18,7],[23,1,23,7],[1,2,1,8],[3,1,3,6],[4,1,4,8],[9,1,9,7],[19,1,19,8],[27,1,27,7],[42,1,42,7],[82,1,82,7],[83,1,83,7],[59,1,59,6],[60,1,60,8],[65,1,65,7],[66,1,66,8],[71,1,71,7],[75,1,75,7],[28,2,28,8],[30,1,30,6],[31,1,31,8],[54,1,54,7],[55,1,55,7],[47,1,47,8]]}
[]
[null,"CODEVASF"," COMPOSIÇÃO DE PREÇO UNITÁRIO"]
[null,"OBRA: ",{"$nulls":5},"DATA: "]
[null,"SERVIÇO : Mobilização/ Desmobilização",{"$nulls":5},"UNIDADE: ","vb"]
[null,"EQUIPAMENTO"]
[null,"DISCRIMINAÇÃO","UNIDADE","QUANT.","PROD","IMPROD","P.UNIT. PROD","P.UNIT. IMPR","P.TOTAL"]
[null,"CAMINHAO CAVALO MECANICO C/ CARRETA PRANCHA CAP 20T (INCL MANUT/OPERACAO) -  Código SICRO 9665","CHP",140,1,null,229.57490000000001,null,{"$f":"D7*E7*G7+D7*F7*H7","v":32140.486000000001},{"$nulls":5},{"$f":"4*1200","v":4800}]
[null,"CAMINHÃO BASCULANTE 10 M3, TRUCADO CABINE SIMPLES, PESO BRUTO TOTAL 23.000 KG, CARGA ÚTIL MÁXIMA 15.935 KG - Código 9592","CHP",70,1,null,171.21940000000001,null,{"$f":"D8*E8*G8+D8*F8*H8","v":11985.358},{"$nulls":5},{"$f":"O7/50","v":96}]
[{"$nulls":8},{"$f":"D9*E9*G9+D9*F9*H9","v":0}]
[null,"SUB-TOTAL",{"$nulls":6},{"$f":"SUM(I7:I9)","v":44125.843999999997}]
[null,"MATERIAL"]
[null,"DISCRIMINAÇÃO","UNIDADE","QUANT.",null,null,null,"P.UNIT.","P.TOTAL"]
[{"$nulls":8},{"$f":"D13*H13","v":0}]
[{"$nulls":8},{"$f":"D14*H14","v":0}]
[null,"SUB-TOTAL",{"$nulls":6},{"$f":"SUM(I13:I14)","v":0}]
[null,"SERVIÇOS - COMPOSIÇÕES AUXILIARES"]
[null,"DISCRIMINAÇÃO","UNIDADE","QUANT.",null,null,null,"P.UNIT.","P.TOTAL"]
[{"$nulls":8},{"$f":"D18*H18","v":0},{"$nulls":6},{"$f":"1200/50","v":24},null,{"$f":"P18*4","v":96}]
[null,"SUB-TOTAL",{"$nulls":6},{"$f":"SUM(I18:I18)","v":0}]
[null,"MÃO DE OBRA"]
[null,"DISCRIMINAÇÃO","UNIDADE","QUANT.",null,null,null,"P.UNIT.","P.TOTAL"]
[{"$nulls":8},{"$f":"D22*H22","v":0}]
[{"$nulls":8},{"$f":"D23*H23","v":0}]
[null,"SUB-TOTAL",{"$nulls":6},{"$f":"SUM(I22:I23)","v":0}]
[null,"PRODUÇÃO DA EQUIPE",1,"CUSTO ",{"$nulls":4},{"$f":"I24+I19+I15+I10","v":44125.843999999997}]
[null,120,{"$nulls":6},{"$f":"I25/C25","v":44125.843999999997}]
[null,"BDI                %",{"$nulls":6},1]
[null,"TOTAL DO SERVIÇO - R$",{"$nulls":6},{"$f":"I26*I27","v":44125.843999999997}]
[null,"CODEVASF"," COMPOSIÇÃO DE PREÇO UNITÁRIO"]
[null,"OBRA: ",{"$nulls":5},"DATA: "]
[null,"SERVIÇO : Administração local",{"$nulls":5},"UNIDADE: ","mês"]
[null,"EQUIPAMENTO"]
[null,"DISCRIMINAÇÃO","UNIDADE","QUANT.","PROD","IMPROD","P.UNIT. PROD","P.UNIT. IMPR","P.TOTAL"]
[{"$nulls":8},{"$f":"G34*D34","v":0}]
[{"$nulls":8},{"$f":"G35*D35","v":0}]
[{"$nulls":8},{"$f":"SUM(I34:I35)","v":0}]
[null,"MATERIAL"]
[null,"DISCRIMINAÇÃO","UNIDADE","QUANT.",null,null,null,"P.UNIT.","P.TOTAL"]
[null,"Telefone ","min",300,null,null,null,0.83,{"$f":"ROUND(D39*H39,2)","v":249}]
[null,"Energia elétrica","kwh",400,null,null,null,0.81,{"$f":"ROUND(D40*H40,2)","v":324},{"$nulls":15},{"$f":"H40*D40","v":324}]
[null,"Material escritório obra ","mês",1,null,null,null,280,{"$f":"D41*H41","v":280}]
[null,"Material de limpeza","mês",1,null,null,null,120,{"$f":"D42*H42","v":120}]
[null,"SUB-TOTAL",{"$nulls":6},{"$f":"SUM(I39:I42)","v":973}]
[null,"SERVIÇOS - COMPOSIÇÕES AUXILIARES"]
[null,"DISCRIMINAÇÃO","UNIDADE","QUANT.",null,null,null,"P.UNIT.","P.TOTAL"]
[{"$nulls":8},{"$f":"D46*H46","v":0}]
[null,"SUB-TOTAL",{"$nulls":6},{"$f":"SUM(I46:I46)","v":0}]
[null,"MÃO DE OBRA"]
[null,"DISCRIMINAÇÃO","UNIDADE","QUANT.",null,null,null,"P.UNIT.","P.TOTAL"]
[null,"Auxiliar de escritorio SINAPI 40812","mês",1,null,null,null,2773.08,{"$f":"D50*H50","v":2773.08}]
[null,"Vigia ","mês",1,null,null,null,2303.71,{"$f":"D51*H51","v":2303.71}]
[null,"SUB-TOTAL",{"$nulls":6},{"$f":"SUM(I50:I51)","v":5076.79}]
[null,"PRODUÇÃO DA EQUIPE",1,"CUSTO ",{"$nulls":4},{"$f":"I52+I47+I43+I36","v":6049.79}]
[null,"TOTAL - R$",{"$nulls":6},{"$f":"I53/C53","v":6049.79}]
[null,"BDI                %",{"$nulls":6},1]
[null,"TOTAL DO SERVIÇO - R$",{"$nulls":6},{"$f":"I54*I55","v":6049.79},{"$nulls":14},{"$f":"I56*8","v":48398.32}]
[]
[null,"CODEVASF"," COMPOSIÇÃO DE PREÇO UNITÁRIO",{"$nulls":21},"L"]
[null,"OBRA: ",{"$nulls":5},"DATA: "]
[null,"SERVIÇO : Manutenção de caminho de serviço",{"$nulls":5},"UNIDADE: ","vb"]
[null,"EQUIPAMENTO"]
[null,"DISCRIMINAÇÃO","UNIDADE","QUANT.","PROD","IMPROD","P.UNIT. PROD","P.UNIT. IMPR","P.TOTAL"]
[null,"MOTONIVELADORA POTÊNCIA BÁSICA LÍQUIDA (PRIMEIRA MARCHA) 125 HP, PESO BRUTO 13032 KG, LARGURA DA LÂMINA DE 3,7 M (INCL MANUT/OPERACAO)- Código SINAPI: 5932","h",20,1,null,149.04,null,{"$f":"G63*D63","v":2980.7999999999997}]
[null,"PÁ CARREGADEIRA SOBRE RODAS, POTÊNCIA LÍQUIDA 128 HP, CAPACIDADE DA CAÇAMBA 1,7 A 2,8 M3, PESO OPERACIONAL 11632 KG (INCL MANUT/OPERACAO) - Código SINAPI: 5940","h",12,1,null,136.88999999999999,null,{"$f":"G64*D64","v":1642.6799999999998}]
[null,"CAMINHÃO PIPA 10.000 L TRUCADO, PESO BRUTO TOTAL 23.000 KG, CARGA ÚTIL MÁXIMA 15.935 KG, DISTÂNCIA ENTRE EIXOS 4,8 M, POTÊNCIA 230 CV, INCLUSIVE TANQUE DE AÇO PARA TRANSPORTE DE ÁGUA C/ BARRA ESPARGIDORA (INCL MANUT/OPERACAO)- Código SINAPI: 5901","h",72,1,null,167.34,null,{"$f":"G65*D65","v":12048.48},{"$nulls":4},{"$f":"D65/24","v":3}]
[null,"SUB-TOTAL",{"$nulls":6},{"$f":"SUM(I63:I65)","v":16671.96}]
[null,"MATERIAL"]
[null,"DISCRIMINAÇÃO","UNIDADE","QUANT.",null,null,null,"P.UNIT.","P.TOTAL",{"$nulls":4},{"$f":"3*24","v":72}]
[{"$nulls":8}," "]
[{"$nulls":8},{"$f":"D70*H70","v":0}]
[{"$nulls":8},{"$f":"D71*H71","v":0},{"$nulls":4},2.5]
[null,"SUB-TOTAL",{"$nulls":6},{"$f":"SUM(I69:I71)","v":0},{"$nulls":4},{"$f":"2.5*24","v":60}]
[null,"SERVIÇOS - COMPOSIÇÕES AUXILIARES",{"$nulls":15},{"$f":"4*24","v":96}]
[null,"DISCRIMINAÇÃO","UNIDADE","QUANT.",null,null,null,"P.UNIT.","P.TOTAL"]
[{"$nulls":8},{"$f":"D75*H75","v":0}]
[null,"SUB-TOTAL",{"$nulls":6},{"$f":"SUM(I75:I75)","v":0}]
[null,"MÃO DE OBRA"]
[null,"DISCRIMINAÇÃO","UNIDADE","QUANT.",null,null,null,"P.UNIT.","P.TOTAL"]
[{"$nulls":8},{"$f":"D79*H79","v":0}]
[{"$nulls":8},{"$f":"D80*H80","v":0}]
[null,"SUB-TOTAL",{"$nulls":6},{"$f":"SUM(I79:I80)","v":0}]
[null,"PRODUÇÃO DA EQUIPE",1,"CUSTO ",{"$nulls":4},{"$f":"I81+I76+I72+I66","v":16671.96}]
[null,"TOTAL - R$",{"$nulls":6},{"$f":"I82/C82","v":16671.96}]
[null,"BDI                %",{"$nulls":6},1]
[null,"TOTAL DO SERVIÇO - R$",{"$nulls":6},{"$f":"I83*I84","v":16671.96}]
[null,"CODEVASF"," COMPOSIÇÃO DE PREÇO UNITÁRIO"]
[null,"OBRA: ",{"$nulls":5},"DATA: "]
[null,"SERVIÇO :Fornecimento e assentamento de TUBO CORRUGADO PEAD, PAREDE DUPLA, INTERNA LISA, JEI, DN/DI 600 MM. Para sifao de decantação do bota fora - SINAPI 41782 e 90747",{"$nulls":5},"UNIDADE: ","m2"]
[null,"EQUIPAMENTO"]
[null,"DISCRIMINAÇÃO","UNIDADE","QUANT.","PROD","IMPROD","P.UNIT. PROD","P.UNIT. IMPR","P.TOTAL"]
[null,"ESCAVADEIRA HIDRÁULICA SOBRE ESTEIRAS, CAÇAMBA 0,80 M3, PESO OPERACIONAL 17 T, POTENCIA BRUTA 111 HP - CHP DIURNO. AF_06/2014","CHP/CHI",1,4.2200000000000001E-2,2.6200000000000001E-2,132.43,51.74,{"$f":"G91*D91","v":132.43},{"$nulls":5},{"$f":"0.004/3","v":1.3333333333333333E-3}]
[{"$nulls":8},{"$f":"ROUND((D92*E92*G92+D92*F92*H92),2)","v":0}]
[{"$nulls":14},{"$f":"O91*2","v":2.6666666666666666E-3}]
[null,"SUB-TOTAL",{"$nulls":6},{"$f":"SUM(I92:I93)","v":0}]
[null,"MATERIAL"]
[null,"DISCRIMINAÇÃO","UNIDADE","QUANT.",null,null,null,"P.UNIT.","P.TOTAL"]
[null,"TUBO CORRUGADO PEAD, PAREDE DUPLA, INTERNA LISA, JEI, DN/DI 600 MM, PARA SANEAMENTO","M",1.05,null,null,null,423.72,{"$f":"D97*H97","v":444.90600000000006},{"$nulls":4},"horas",{"$f":"100","v":100}]
[null,"SUB-TOTAL",{"$nulls":6},{"$f":"SUM(I97:I97)","v":444.90600000000006},{"$nulls":4},"area bota fora",{"$f":"25000","v":25000}]
[null,"SERVIÇOS - COMPOSIÇÕES AUXILIARES"]
[null,"DISCRIMINAÇÃO","UNIDADE","QUANT.",null,null,null,"P.UNIT.","P.TOTAL",null,null,null,"m2/horas",null,{"$f":"O98/O97","v":250}]
[{"$nulls":8},{"$f":"D101*H101","v":0}]
[null,"SUB-TOTAL",{"$nulls":6},{"$f":"SUM(I101:I101)","v":0},null,null,null,"m2",null,{"$f":"1/250","v":4.0000000000000001E-3}]
[null,"MÃO DE OBRA"]
[null,"DISCRIMINAÇÃO","UNIDADE","QUANT.",null,null,null,"P.UNIT.","P.TOTAL"]
[null,"ASSENTADOR DE TUBOS COM ENCARGOS COMPLEMENTARES","H",0.13009999999999999,null,null,null,19.89]
[null,"SERVENTE COM ENCARGOS COMPLEMENTARES","H",0.13009999999999999,null,null,null,14.88,{"$f":"ROUND((D106*H106),2)","v":1.94}]
[null,"SUB-TOTAL",{"$nulls":6},{"$f":"SUM(I106:I106)","v":1.94}]
[null,"PRODUÇÃO DA EQUIPE",1,"CUSTO ",{"$nulls":4},{"$f":"I107+I102+I98+I94","v":446.84600000000006}]
[null,"TOTAL - R$",{"$nulls":6},{"$f":"I108/C108","v":446.84600000000006}]
[null,"BDI                %",{"$nulls":6},1]
[null,"TOTAL DO SERVIÇO - R$",{"$nulls":6},{"$f":"I109*I110","v":446.84600000000006}]
[null,"CODEVASF"," COMPOSIÇÃO DE PREÇO UNITÁRIO"]
[null,"OBRA: ",{"$nulls":5},"DATA: "]
[null,"SERVIÇO : Levantamento batimétrico",{"$nulls":5},"UNIDADE: ","dia"]
[null,"EQUIPAMENTO",{"$nulls":27},1000,50,{"$f":"AE115*AD115","v":50000}]
[null,"DISCRIMINAÇÃO","UNIDADE","QUANT.","PROD","IMPROD","P.UNIT. PROD","P.UNIT. IMPR","P.TOTAL"]
[null,"Equipamento de Ecobatimetria","mês",1,1,0,978.64,0,{"$f":"D117*E117*G117+D117*F117*H117","v":978.64},{"$nulls":8},{"$f":"20/30","v":0.66666666666666663}]
[null,"Barco","mês",1,1,0,955.54,0,{"$f":"D118*E118*G118+D118*F118*H118","v":955.54}]
[null,"Veículo tipo Pick Up","mês",1,1,0,5377.23,0,{"$f":"D119*E119*G119+D119*F119*H119","v":5377.23}]
[null,"SUB-TOTAL",{"$nulls":6},{"$f":"SUM(I117:I119)","v":7311.41}]
[null,"MATERIAL"]
[null,"DISCRIMINAÇÃO","UNIDADE","QUANT.",null,null,null,"P.UNIT.","P.TOTAL"]
[null,"Plantas e relatórios","gl",1,null,null,null,2450,{"$f":"D123*H123","v":2450}]
[null,"SUB-TOTAL",{"$nulls":6},{"$f":"SUM(I123:I123)","v":2450}]
[null,"SERVIÇOS - COMPOSIÇÕES AUXILIARES"]
[null,"DISCRIMINAÇÃO","UNIDADE","QUANT.",null,null,null,"P.UNIT.","P.TOTAL"]
[null,"Estadia e alimentação até 04 pessoas","gl",1,null,null,null,9083.35,{"$f":"D127*H127","v":9083.35},{"$nulls":7},{"$f":"60*4*20","v":4800},null,null,{"$f":"110*30*4","v":13200}]
[null,"SUB-TOTAL",{"$nulls":6},{"$f":"SUM(I127:I127)","v":9083.35},{"$nulls":7},{"$f":"50*20*4","v":4000}]
[null,"MÃO DE OBRA",{"$nulls":14},{"$f":"Q128+Q127","v":8800}]
[null,"DISCRIMINAÇÃO","UNIDADE","QUANT.",null,null,null,"P.UNIT.","P.TOTAL"]
[null,"Coordenador Geral/campo","mês",0.1,null,null,null,8201.6,{"$f":"D131*H131","v":820.16000000000008}]
[null,"Operador Ecobatimetro","mês",1,null,null,null,4246.88,4246.88]
[null,"Barqueiro","mês",1,null,null,null,1705.44,1705.44]
[null,"Ajudante","mês",1,null,null,null,1223.2,1223.2]
[null,"Cadista/Calculista","mês",0.25,null,null,null,3616.8,904.2,{"$nulls":7},{"$f":"60*4*30","v":7200}]
[{"$nulls":8},0]
[null,"Subtotal",{"$nulls":6},{"$f":"SUM(I131:I135)","v":8899.8799999999992}]
[null,"Encargos Sociais",null,0.76790000000000003,{"$nulls":4},{"$f":"D138*I137","v":6834.2178519999998}]
[null,"SUB-TOTAL",{"$nulls":6},{"$f":"I137+I138","v":15734.097851999999}]
[null,"PRODUÇÃO DA EQUIPE",20,"CUSTO ",{"$nulls":4},{"$f":"I139+I128+I124+I120","v":34578.857852000001}]
[null,"TOTAL - R$",{"$nulls":6},{"$f":"I140/C140","v":1728.9428926000001}]
[null,"BDI                %",{"$nulls":6},1]
[null,"TOTAL DO SERVIÇO - R$",{"$nulls":6},{"$f":"I141*I142","v":1728.9428926000001}]

{"sheet":"Plan1","index":3,"n_rows":35,"n_cols":11,"rows_kept":35,"cut":false,"hidden":true,"merged":[[30,0,30,4],[15,3,16,3],[15,4,16,4],[15,5,16,5],[13,0,13,1],[13,4,13,5],[14,0,16,0],[14,1,16,1],[14,2,16,2],[14,3,14,5],[9,2,9,3],[11,0,11,1],[12,0,12,2],[12,4,12,5],[1,0,1,5],[3,0,3,5],[4,0,4,5],[5,0,6,5],[8,0,8,1]]}
[]
["                                                                      MINISTÉRIO DA INTEGRAÇÃO NACIONAL"]
["                                                                      Companhia de Desenvolvimento dos Vales do São Francisco e do Parnaíba"]
["                                                                      1ª Superintendência Regional - Montes Claros - Minas Gerais"]
[]
["OBRA: Execução de obras e serviços de desassoreamento do canal de chamada do rio São Francisco até a estação de bombeamento principal do Perímetro de Irrigação Jaíba, localizado no município de Jaíba, no estado de Minas Gerais.."]
[]
[]
["BOLETIM  DE  MEDIÇÃO N.º 01",null,null,null,"CONTRATADA: CONSTRUTORA E DRAGAGEM PARAOPEBA LTDA."]
["R$",{"$f":"#REF!","v":{"$error":"#REF!"}},null,null,"CONTRATO Nº: 1.127.00.2014 -  PROCESSO Nº:  59510.001491/2014-11"]
[{"$nulls":4},"ADITIVO PRAZO:"]
["PERÍODO DOS SERVIÇOS: 17/08/2014 a 03/09/2014",null,null,null,"VALOR R$: 1.822.461,60 -  NOTA DE EMPENHO Nº: 2014NE0963"]
[]
[]
["ITEM","DISCRIMINAÇÃO","UNID.","DADOS  DO  CONTRATO"]
[null,null,null,"QUANT.","PREÇO UNITÁRIO","VALOR TOTAL",{"$nulls":4},"Percentual"]
[]
["01.","INSTALAÇÕES PRELIMINARES "]
["01.01","Mobilização","vb",1,23500,{"$f":"ROUND(D19*E19,2)","v":23500},{"$nulls":4},{"$f":"F19/$F$31","v":5.8425109650256848E-3}]
["01.02","Desmobilização","vb",1,23500,{"$f":"ROUND(D20*E20,2)","v":23500},null,null,null,{"$f":"160/22","v":7.2727272727272725},{"$f":"F20/$F$31","v":5.8425109650256848E-3}]
["01.03","Placa de identificação de obra - Fornecimento e instalação ","m²",12,263.60000000000002,{"$f":"ROUND(D21*E21,2)","v":3163.2},{"$nulls":4},7.8642683764124446E-4]
["01.04","Administração local","mês",5,2800,{"$f":"ROUND(D22*E22,2)","v":14000},null,null,null,{"$f":"J20/2","v":3.6363636363636362},3.4806448302280675E-3]
["02.","LIMPEZA E DESASSOREAMENTO",{"$nulls":8},0]
["02.01","Regularização Leito Estradal","m²",48000,0.16,{"$f":"ROUND(D24*E24,2)","v":7680},null,null,null,3.6,1.9093823068679686E-3]
["02.02","Revestimento de estrada, inclusive escavação e carga de mat. 1 cat (cascalho)","m³",{"$f":"6000*4*0.2","v":4800},8,{"$f":"ROUND(D25*E25,2)","v":38400},null,null,null,{"$f":"J20*4","v":29.09090909090909},9.5469115343398431E-3]
["02.03","Transporte local - Momento Extraordinário de Transporte - Encascalhamento","m³ x km",{"$f":"D25*25","v":120000},2,240000,null,null,null,{"$f":"5*3.34","v":16.7},5.9668197089624016E-2]
["02.04","Escavação de material submerso","m³",150000,8.4499999999999993,1267500,null,null,null,{"$f":"J26","v":16.7},0.31512266587957682]
["02.05","Transporte de material escavado até bota-fora (Momento Extraordinário Transporte)","m³ x km",{"$f":"3*D27","v":450000},5,2250000,{"$nulls":4},0.55938934771522519]
["02.06","Espalhamento de material em bota-fora","m³",{"$f":"D27","v":150000},0.9,135000,{"$nulls":4},3.3563360862913512E-2]
["02.07","Manutenção de caminho de serviço","mês",5,3900,19500,null,"Paraopeba",{"$f":"F31/D27","v":26.814954666666669},null,4.8480410135319516E-3]
["VALOR TOTAL ",{"$nulls":4},{"$f":"SUM(F19:F30)","v":4022243.2},null,"Calculado",{"$f":"Dessasoreamento!G28/Dessasoreamento!E19","v":33.805491491538646},null,1]
[" Fiscalização                                                                                                                                     ",null,null,null,"1ª Gerência Regional de Irrigação"]
[{"$nulls":7},"Diferença",{"$f":"I31/I30","v":1.2606954556429597}]
[]
["  Em ___/___/___                                          ",null,null,null,"Em ___/___/___"]

{"sheet":"Cronograma","index":4,"n_rows":45,"n_cols":13,"rows_kept":45,"cut":false,"hidden":false,"merged":[[21,0,22,0],[29,0,30,0],[29,1,30,1],[42,1,42,3],[43,1,43,3],[31,0,32,0],[31,1,32,1],[33,0,34,0],[33,1,34,1],[25,0,26,0],[25,1,26,1],[44,0,47,11],[38,11,43,11],[39,1,39,2],[39,4,39,5],[40,1,40,2],[40,4,40,5],[11,0,12,0],[11,1,12,1],[13,0,14,0],[13,1,14,1],[35,0,36,1],[15,1,16,1],[17,1,18,1],[19,1,20,1],[15,0,16,0],[17,0,18,0],[19,0,20,0],[27,0,28,0],[27,1,28,1],[21,1,22,1],[23,0,24,0],[23,1,24,1],[5,0,6,0],[5,1,6,1],[7,0,8,0],[7,1,8,1],[9,0,10,0],[9,1,10,1],[0,0,0,11],[1,0,1,1],[1,2,1,3],[1,4,1,6],[2,7,3,7],[2,0,3,6]]}
["CRONOGRAMA FÍSISCO-FINANCEIRO"]
[null,null,"VALOR DO CONVENIO:",null,{"$f":"Dessasoreamento!G28","v":2985513.0500000003}]
[{"$f":"Dessasoreamento!B6","v":"DESASSOREAMENTO DO CANAL DE CHAMADA DO RIO SÃO FRANCISCO ATÉ A ESTAÇÃO DE BOMBEAMENTO PRINCIPAL DO PERÍMETRO DE IRRIGAÇÃO JAÍBA, LOCALIZADO NO MUNICÍPIO DE JAÍBA, ESTADO DE MINAS GERAIS."},{"$nulls":6},"PRAZO: 240 DIAS"]
[]
["ITEM","ETAPAS/DESCRIÇAO","FISICO/  FINANCEIRO","TOTAL    ETAPAS","MÊS 1","MÊS 2","MÊS 3","MÊS 4","MÊS 5","MÊS 6","MÊS 7","MÊS 8"]
[{"$f":"Dessasoreamento!B11","v":"01.01"},{"$f":"Dessasoreamento!C11","v":"Mobilização"},"FISICO ",{"$f":"D7/$E$2","v":1.8544450844051742E-2},1,0,0,0,0,0,0,0,{"$f":"SUM(E6:L6)","v":1}]
[null,null,"FINANCEIRO",{"$f":"Dessasoreamento!G11","v":55364.7},{"$f":"D7*E6","v":55364.7},{"$f":"D7*F6","v":0},{"$f":"D7*G6","v":0},{"$f":"D7*H6","v":0},{"$f":"D7*I6","v":0},{"$f":"D7*J6","v":0},{"$f":"D7*K6","v":0},{"$f":"D7*L6","v":0}]
[{"$f":"Dessasoreamento!B12","v":"01.02"},{"$f":"Dessasoreamento!C12","v":"Desmobilização"},"FISICO ",{"$f":"D9/$E$2","v":1.8544450844051742E-2},0,0,0,0,0,0,0,1,{"$f":"SUM(E8:L8)","v":1}]
[null,null,"FINANCEIRO",{"$f":"Dessasoreamento!G12","v":55364.7},{"$f":"D9*E8","v":0},{"$f":"D9*F8","v":0},{"$f":"D9*G8","v":0},{"$f":"D9*H8","v":0},{"$f":"D9*I8","v":0},{"$f":"D9*J8","v":0},{"$f":"D9*K8","v":0},{"$f":"D9*L8","v":55364.7}]
[{"$f":"Dessasoreamento!B13","v":"01.03"},{"$f":"Dessasoreamento!C13","v":"Placa de identificação de obra - Fornecimento e instalação- Código SINAPI: 74209"},"FISICO ",{"$f":"D11/$E$2","v":5.8030226999007748E-4},1,0,0,0,0,0,0,0,{"$f":"SUM(E10:L10)","v":1}]
[null,null,"FINANCEIRO",{"$f":"Dessasoreamento!G13","v":1732.5},{"$f":"D11*E10","v":1732.5},{"$f":"D11*F10","v":0},{"$f":"D11*G10","v":0},{"$f":"D11*H10","v":0},{"$f":"D11*I10","v":0},{"$f":"D11*J10","v":0},{"$f":"D11*K10","v":0},{"$f":"D11*L10","v":0}]
[{"$f":"Dessasoreamento!B14","v":"01.04"},{"$f":"Dessasoreamento!C14","v":"Administração local"},"FISICO ",{"$f":"D13/$E$2","v":2.0340011576904678E-2},0.125,0.125,0.125,0.125,0.125,0.125,0.125,0.125,{"$f":"SUM(E12:L12)","v":1}]
[null,null,"FINANCEIRO",{"$f":"Dessasoreamento!G14","v":60725.37},{"$f":"D13*E12","v":7590.6712500000003},{"$f":"D13*F12","v":7590.6712500000003},{"$f":"D13*G12","v":7590.6712500000003},{"$f":"D13*H12","v":7590.6712500000003},{"$f":"D13*I12","v":7590.6712500000003},{"$f":"D13*J12","v":7590.6712500000003},{"$f":"D13*K12","v":7590.6712500000003},{"$f":"D13*L12","v":7590.6712500000003}]
[{"$f":"Dessasoreamento!B15","v":"01.05"},{"$f":"Dessasoreamento!C15","v":"Veículo leve tipo hatch 1.4 Flex (85 cv) ou superior"},"FISICO ",{"$f":"D15/$E$2","v":6.999775130776935E-3},0.125,0.125,0.125,0.125,0.125,0.125,0.125,0.125,{"$f":"SUM(E14:L14)","v":1}]
[null,null,"FINANCEIRO",{"$f":"Dessasoreamento!G15","v":20897.919999999998},{"$f":"D15*E14","v":2612.2399999999998},{"$f":"D15*F14","v":2612.2399999999998},{"$f":"D15*G14","v":2612.2399999999998},{"$f":"D15*H14","v":2612.2399999999998},{"$f":"D15*I14","v":2612.2399999999998},{"$f":"D15*J14","v":2612.2399999999998},{"$f":"D15*K14","v":2612.2399999999998},{"$f":"D15*L14","v":2612.2399999999998}]
["02.01",{"$f":"Dessasoreamento!C17","v":"ESCAVAÇÃO CARGA E TRANSPORTE DE MAT. 1ª CAT. DMT 50 A 200M  SICRO 5502109"},"FISICO ",{"$f":"D17/$E$2","v":7.8806568941308094E-2},0.5,0.5,0,0,0,0,0,0,{"$f":"SUM(E16:L16)","v":1}]
[null,null,"FINANCEIRO",{"$f":"Dessasoreamento!G17","v":235278.04},{"$f":"D17*E16","v":117639.02},{"$f":"D17*F16","v":117639.02},{"$f":"D17*G16","v":0},{"$f":"D17*H16","v":0},{"$f":"D17*I16","v":0},{"$f":"D17*J16","v":0},{"$f":"D17*K16","v":0},{"$f":"D17*L16","v":0}]
["02.02",{"$f":"Dessasoreamento!C18","v":"COMPACTAÇÃO DE ATERROS A 100% PROCTOR NORMAL - SICRO 5502978"},"FISICO ",{"$f":"D19/$E$2","v":5.3457723120654249E-2},0.5,0.5,0,0,0,0,0,0,{"$f":"SUM(E18:L18)","v":1}]
[null,null,"FINANCEIRO",{"$f":"Dessasoreamento!G18","v":159598.73000000001},{"$f":"D19*E18","v":79799.365000000005},{"$f":"D19*F18","v":79799.365000000005},{"$f":"D19*G18","v":0},{"$f":"D19*H18","v":0},{"$f":"D19*I18","v":0},{"$f":"D19*J18","v":0},{"$f":"D19*K18","v":0},{"$f":"D19*L18","v":0}]
["02.03",{"$f":"Dessasoreamento!C19","v":"DRAGAGEM com draga de sucção e recalque-bomba de 1350kw e cortador de 170kw sicro 1917623"},"FISICO ",{"$f":"D21/$E$2","v":0.58747851730207634},0.125,0.125,0.125,0.125,0.125,0.125,0.125,0.125,{"$f":"SUM(E20:L20)","v":1}]
[null,null,"FINANCEIRO",{"$f":"Dessasoreamento!G19","v":1753924.78},{"$f":"D21*E20","v":219240.5975},{"$f":"D21*F20","v":219240.5975},{"$f":"D21*G20","v":219240.5975},{"$f":"D21*H20","v":219240.5975},{"$f":"D21*I20","v":219240.5975},{"$f":"D21*J20","v":219240.5975},{"$f":"D21*K20","v":219240.5975},{"$f":"D21*L20","v":219240.5975}]
["02.04",{"$f":"Dessasoreamento!C20","v":"Fornecimento e assentamento de TUBO CORRUGADO PEAD, PAREDE DUPLA, INTERNA LISA, JEI, DN/DI 600 MM. Para sifao de decantação do bota fora - SINAPI 41782 e 90747"},"FISICO ",{"$f":"D23/$E$2","v":9.3896759218654226E-3},0.5,0.5,0,0,0,0,0,0,{"$f":"SUM(E22:L22)","v":1}]
[null,null,"FINANCEIRO",{"$f":"Dessasoreamento!G20","v":28033},{"$f":"D23*E22","v":14016.5},{"$f":"D23*F22","v":14016.5},{"$f":"D23*G22","v":0},{"$f":"D23*H22","v":0},{"$f":"D23*I22","v":0},{"$f":"D23*J22","v":0},{"$f":"D23*K22","v":0},{"$f":"D23*L22","v":0}]
["02.05",{"$f":"Dessasoreamento!C21","v":"Dreno longitudinal profundo SICRO 2003843"},"FISICO ",{"$f":"D25/$E$2","v":2.3587905603025247E-2},0.5,0.5,0,0,0,0,0,0,{"$f":"SUM(E24:L24)","v":1}]
[null,null,"FINANCEIRO",{"$f":"Dessasoreamento!G21","v":70422},{"$f":"D25*E24","v":35211},{"$f":"D25*F24","v":35211},{"$f":"D25*G24","v":0},{"$f":"D25*H24","v":0},{"$f":"D25*I24","v":0},{"$f":"D25*J24","v":0},{"$f":"D25*K24","v":0},{"$f":"D25*L24","v":0}]
["02.06",{"$f":"Dessasoreamento!C22","v":"Limpeza e preparo de bota fora SICRO 5502985"},"FISICO ",{"$f":"D27/$E$2","v":1.4771330508838337E-2},1,0,0,0,0,0,0,0,{"$f":"SUM(E26:L26)","v":1}]
[null,null,"FINANCEIRO",{"$f":"Dessasoreamento!G22","v":44100},{"$f":"D27*E26","v":44100},{"$f":"D27*F26","v":0},{"$f":"D27*G26","v":0},{"$f":"D27*H26","v":0},{"$f":"D27*I26","v":0},{"$f":"D27*J26","v":0},{"$f":"D27*K26","v":0},{"$f":"D27*L26","v":0}]
["02.07",{"$f":"Dessasoreamento!C23","v":"Manutenção de caminho de serviço CPU"},"FISICO ",{"$f":"D29/$E$2","v":7.0066047776947415E-3},0.5,0,0,0,0,0,0,0.5,{"$f":"SUM(E28:L28)","v":1}]
[null,null,"FINANCEIRO",{"$f":"Dessasoreamento!G23","v":20918.310000000001},{"$f":"D29*E28","v":10459.155000000001},{"$f":"D29*F28","v":0},{"$f":"D29*G28","v":0},{"$f":"D29*H28","v":0},{"$f":"D29*I28","v":0},{"$f":"D29*J28","v":0},{"$f":"D29*K28","v":0},{"$f":"D29*L28","v":10459.155000000001}]
["02.08",{"$f":"Dessasoreamento!C24","v":"Derrocagem subaquáticaca de mat. 3ª cat. Carga limpeza- plat. Com clamshell- flutuante e batelão rebocado de 100t montado na obra- DMT de 1200 a 1400m SICRO 1716611"},"FISICO ",{"$f":"D31/$E$2","v":0.14078652243707324},0,0,0,0,0,0,0,1,{"$f":"SUM(E30:L30)","v":1}]
[null,null,"FINANCEIRO",{"$f":"Dessasoreamento!G24","v":420320},{"$f":"D31*E30","v":0},{"$f":"D31*F30","v":0},{"$f":"D31*G30","v":0},{"$f":"D31*H30","v":0},{"$f":"D31*I30","v":0},{"$f":"D31*J30","v":0},{"$f":"D31*K30","v":0},{"$f":"D31*L30","v":420320}]
["02.09",{"$f":"Dessasoreamento!C25","v":"ESCAVAÇÃO CARGA E TRANSPORTE DE MAT. 1ª CAT. DMT 1000 A 1200M  SICRO 5502114"},"FISICO ",{"$f":"D33/$E$2","v":1.2440072904722354E-2},0,0,0,0,0,0,0,1,{"$f":"SUM(E32:L32)","v":1}]
[null,null,"FINANCEIRO",{"$f":"Dessasoreamento!G25","v":37140},{"$f":"D33*E32","v":0},{"$f":"D33*F32","v":0},{"$f":"D33*G32","v":0},{"$f":"D33*H32","v":0},{"$f":"D33*I32","v":0},{"$f":"D33*J32","v":0},{"$f":"D33*K32","v":0},{"$f":"D33*L32","v":37140}]
["03.01",{"$f":"Dessasoreamento!C27","v":"Levantamento batimétrico"},"FISICO ",{"$f":"D35/$E$2","v":7.266087816966668E-3},0.5,0,0,0,0,0,0,0.5,{"$f":"SUM(E34:L34)","v":1}]
[null,null,"FINANCEIRO",{"$f":"Dessasoreamento!G27","v":21693},{"$f":"D35*E34","v":10846.5},{"$f":"D35*F34","v":0},{"$f":"D35*G34","v":0},{"$f":"D35*H34","v":0},{"$f":"D35*I34","v":0},{"$f":"D35*J34","v":0},{"$f":"D35*K34","v":0},{"$f":"D35*L34","v":10846.5}]
["TOTAL",null,"FISICO ",{"$f":"D14+D12+D10+D6+D8+D16+D18+D20+D22+D24+D26+D28+D30+D32+D34","v":1},{"$f":"(E13+E11+E9+E7+E15+E17+E19+E21+E23+E25+E27+E29+E31+E33+E35)/E2","v":0.20050565471485712},{"$f":"(F13+F11+F9+F7+F15+F17+F19+F21+F23+F25+F27+F29+F31+F33+F35)/E2","v":0.15947322479464626},{"$f":"(G13+G11+G9+G7+G15+G17+G19+G21+G23+G25+G27+G29+G31+G33+G35)/E2","v":7.6852288001219751E-2},{"$f":"(H15+H13+H11+H9+H7+H17+H19+H21+H23+H25+H27+H29+H31+H33+H35)/E2","v":7.6852288001219751E-2},{"$f":"(I15+I13+I11+I9+I7+I17+I19+I21+I23+I25+I27+I29+I31+I33+I35)/E2","v":7.6852288001219751E-2},{"$f":"(J15+J13+J11+J9+J7+J17+J19+J21+J23+J25+J27+J29+J31+J33+J35)/E2","v":7.6852288001219751E-2},{"$f":"(K15+K13+K11+K9+K7+K17+K19+K21+K23+K25+K27+K29+K31+K33+K35)/E2","v":7.6852288001219751E-2},{"$f":"(L15+L13+L11+L9+L7+L17+L19+L21+L23+L25+L27+L29+L31+L33+L35)/E2","v":0.25575968048439779},{"$f":"SUM(E36:L36)","v":1}]
[null,null,"FINANCEIRO",{"$f":"D15+D13+D11+D9+D7+D17+D19+D21+D23+D25+D27+D29+D31+D33+D35","v":2985513.0500000003},{"$f":"E13+E11+E9+E7+E15+E17+E19+E21+E23+E25+E27+E29+E31+E33+E35","v":598612.24875000003},{"$f":"F13+F11+F9+F7+F15+F17+F19+F21+F23+F25+F27+F29+F31+F33+F35","v":476109.39375000005},{"$f":"G13+G11+G9+G7+G15+G17+G19+G21+G23+G25+G27+G29+G31+G33+G35","v":229443.50875000001},229443.50875000001,229443.50875000001,229443.50875000001,229443.50875000001,763573.86375000002,{"$f":"SUM(E37:L37)","v":2985513.0500000003}]
[]
[{"$nulls":11},"OBSERVAÇÕES: "]
[]
[]
[]
[]
[]
["CRONOGRAMA GERADO AUTOMATICAMENTE COM A PLANILHA"]